Bordering Countries by highest average Population Density - Statistics

General Stats
  • This quiz has been taken 86 times
  • The average score is 22 of 27
Answer Stats
Country % Correct
China
99%
India
99%
Germany
97%
France
96%
Belgium
95%
Luxembourg
95%
Netherlands
95%
Pakistan
95%
Bangladesh
94%
Italy
94%
Nepal
94%
San Marino
94%
Vatican City
94%
Monaco
92%
Switzerland
91%
Liechtenstein
88%
North Korea
78%
South Korea
78%
Haiti
69%
Dominican Republic
68%
Burundi
63%
Israel
63%
Lebanon
63%
Rwanda
63%
Uganda
62%
Guatemala
58%
El Salvador
54%
No matching quizzes found
Score Distribution
Percent of People with Each Score
Percentile by Number Answered
Your Score History
You have not taken this quiz